| 000 | 00411 a2200169 4500 | ||
|---|---|---|---|
| 001 | 83507 | ||
| 020 | _a97380471457275 | ||
| 082 | _a621.4022 INC | ||
| 090 |
_c40025 _d40025 |
||
| 100 | _aIncropera , Frank | ||
| 245 | _aIntroduction to Heat Transfer 5th/ed | ||
| 250 | _a5 | ||
| 260 |
_aUSA _bJohn Wiley & Sons _c2007 |
||
| 300 | _axxv 902p. | ||
| 500 | _aCAE Reference Books | ||
| 505 | _aNUST Books | ||
| 942 |
_aNUST-CAE _k621.4022 INC |
||
| 999 |
_c318580 _d318580 |
||